000 00756nam a2200241Ia 4500
003 OSt
005 20220930191903.0
006 a|||||r|||| 00| 0
007 ta
008 220926b |||||||| |||| 00| 0 eng d
024 _a9488
037 _cDissertations
040 _aCRL
_cCRL
_beng
041 _2eng
_aeng
100 _aBadgaiyan Shyamdhar
_9560628
110 _aUniversity of Delhi. Faculty of Social Sciences. Department of Geography
245 0 _aField report on the people around Matiana with special reference to Demography
260 _c1958
650 _aGEOGRAPHY
700 _aUniversity of Delhi. Faculty of Social Sciences. Department of Geography
942 _cDIS
_2CC
999 _c894500
_d894500